Score 0/25 Timer 05:00
0 Plays Today
Question Answer Wrong Answers
A Streetcar Named Desire Tennessee Williams
66.8%
David Mamet
2.4%
Sam Shepard
2.2%
Eugene O'Neill
3.9%
Death of a Salesman Arthur Miller
64%
Edward Albee
2.7%
Tennessee Williams
6.3%
August Wilson
2.2%
Our Town Thornton Wilder
57.5%
Sam Shepard
6.7%
William Inge
5.3%
Lanford Wilson
5.3%
Long Day's Journey into Night Eugene O'Neill
56.4%
Lorraine Hansberry
5%
Neil Simon
7.1%
Christopher Durang
5.9%
Who's Afraid of Virginia Woolf? Edward Albee
52.8%
Thornton Wilder
9.4%
David Mamet
6.8%
Terrence McNally
5.9%
Biloxi Blues Neil Simon
50.6%
Edward Albee
6.9%
George S. Kaufman
9.2%
Thornton Wilder
7.5%
The Little Foxes Lillian Hellman
49.6%
Christopher Durang
7.1%
Lanford Wilson
7.8%
Clifford Odets
9.4%
Angels in America Tony Kushner
49.3%
Tracy Letts
8.5%
Edward Albee
8.4%
Lorraine Hansberry
8%
Fences August Wilson
46%
Neil Simon
9.6%
Horton Foote
10%
Christopher Durang
8.5%
True West Sam Shepard
46%
William Inge
9.7%
David Mamet
9.4%
August Wilson
8.8%
A Raisin in the Sun Lorraine Hansberry
45.6%
August Wilson
16.4%
Ntozake Shange
6.8%
Katori Hall
5.9%
You Can't Take It with You George S. Kaufman & Moss Hart
44.3%
August Wilson
6.3%
Thornton Wilder
11.7%
Eugene O'Neill
11.9%
Picnic William Inge
41.9%
David Mamet
10.8%
Tennessee Williams
10.7%
Neil LaBute
10.3%
Doubt: A Parable John Patrick Shanley
41.9%
Tony Kushner
10%
Sam Shepard
11.8%
August Wilson
10.2%
Vanya and Sonia and Masha and Spike Christopher Durang
41.3%
Tony Kushner
16.3%
Tennessee Williams
5.5%
Neil Simon
10.7%
Love! Valour! Compassion! Terrence McNally
40.3%
Clifford Odets
16.4%
Thornton Wilder
10.1%
Arthur Miller
6.5%
The Young Man From Atlanta Horton Foote
35.6%
Tennessee Williams
12.2%
Christopher Durang
11.4%
Doug Wright
14.8%
Waiting For Lefty Clifford Odets
35%
Moss Hart
12.2%
George S. Kaufman
15.8%
Edward Albee
10.4%
August: Osage County Tracy Letts
34.7%
Terrence McNally
16.5%
Clifford Odets
13.6%
Moss Hart
9.4%
Oleanna David Mamet
34.3%
Neil LaBute
12.7%
John Guare
9.4%
Edna Ferber
17.6%
Bash: Latter-Day Plays Neil LaBute
33.3%
Lanford Wilson
13.1%
Horton Foote
13.5%
Moss Hart
13.3%
Talley's Folly Lanford Wilson
31.3%
John Guare
14.3%
Moss Hart
17.8%
Thornton Wilder
10.2%
Six Degrees of Separation John Guare
30.1%
Christopher Durang
12.9%
David Mamet
21.7%
Tracy Letts
9.6%
Proof David Auburn
29.7%
John Patrick Shanley
21.4%
Lanford Wilson
11.5%
Edward Albee
11.2%
I Am My Own Wife Doug Wright
20.6%
John Patrick Shanley
10.1%
Edna Ferber
35%
John Guare
7.8%

You're not logged in!

Compare scores with friends on all Sporcle quizzes.
OR
Log In

Sporcle TV

Today on Sporcle TV


Watch our educational content, quiz creation guides, and fun videos on Sporcle TV.

Show Comments

Extras

Top Quizzes Today


Score Distribution

Your Account Isn't Verified!

In order to create a playlist on Sporcle, you need to verify the email address you used during registration. Go to your Sporcle Settings to finish the process.

Report this User

Report this user for behavior that violates our Community Guidelines.

Details: